000 00436nam a2200157Ia 4500
003 GCL
008 140319s9999 xx 000 0 eng d
040 _aGCL /
_cGCL
082 0 4 _a320
_bG G
100 1 _aGAMER, ROBERT E
245 1 0 _aGOVERMMENTS AND POLITICS: IN A CHANGING WARLD /
_cGAMER, ROBERT E
260 _a[S.N] :
_bW C B BROUN AND BENCHMSRK PUBBISHERS
300 _a582 P
650 0 4 _aGOVERNMENT POLICY
942 _2ddc
_cBK
999 _c17078
_d17078